Social Discourse in Challenging Times The International Interdisciplinary Scientific Conference 2023

Salvato in:
Dettagli Bibliografici
Ente Autore: Social Discourse in Challenging Times. The International Interdisciplinary Scientific Conference 2023
Altri autori: Čaplánová, Anetta, 1967-, Darmo, Ľubomír, 1984-, Sirkeci, Ibrahim, Sirakovová, Eva, 1994-
Natura: Libro
Lingua:inglese
Pubblicazione: London Transnational Press London 2023
Edizione:1st Edition
Soggetti:
Tags: Aggiungi Tag
Nessun Tag, puoi essere il primo ad aggiungerne!!

MARC

LEADER 00000nlm a2200000 4500
001 0296346
005 20240502083953.5
020 |a 978-1-80135-050-1 
041 0 |a eng 
044 |a GB 
245 1 0 |a Social Discourse in Challenging Times  |b The International Interdisciplinary Scientific Conference 2023  |c Edited by: Anetta Čaplánová and Ľubomír Darmo ; Reviewers: Ibrahim Sirkeci, Eva Sirakovová 
250 |a 1st Edition 
264 1 |a London  |b Transnational Press London  |c 2023 
300 |a 92 s. [4,6 AH] 
610 2 0 |a digitalizácia 
610 2 0 |a transformácia digitálna 
610 2 0 |a reformy sociálne 
610 2 0 |a javy sociálne 
610 2 0 |a spoločnosť 
610 2 0 |a politika sociálna 
610 2 0 |a služby verejné 
700 1 |a Čaplánová, Anetta, 1967- 
700 1 |a Darmo, Ľubomír, 1984- 
700 1 |a Sirkeci, Ibrahim 
700 1 |a Sirakovová, Eva, 1994- 
110 2 |a Social Discourse in Challenging Times. The International Interdisciplinary Scientific Conference 2023